Lecture Ready 2 : (Record no. 14717)
[ view plain ]
| 000 -LEADER | |
|---|---|
| fixed length control field | 01144nac a22003255a 4500 |
| 006 - FIXED-LENGTH DATA ELEMENTS--ADDITIONAL MATERIAL CHARACTERISTICS--GENERAL INFORMATION | |
| fixed length control field | m||||fr||z|f00| 0 |
| 008 - FIXED-LENGTH DATA ELEMENTS--GENERAL INFORMATION | |
| fixed length control field | 080817t2006 e a fr f000 0 eng d |
| 020 ## - INTERNATIONAL STANDARD BOOK NUMBER | |
| International Standard Book Number | 9780194309684 |
| 020 ## - INTERNATIONAL STANDARD BOOK NUMBER | |
| International Standard Book Number | 0194309681 |
| 040 ## - CATALOGING SOURCE | |
| Original cataloging agency | EG-ScBUE |
| Language of cataloging | eng |
| Transcribing agency | EG-ScBUE |
| 082 04 - DEWEY DECIMAL CLASSIFICATION NUMBER | |
| Classification number | 371.396 |
| Item number | SAR |
| 100 1# - MAIN ENTRY--PERSONAL NAME | |
| Personal name | Sarosy, Peg |
| 9 (RLIN) | 13997 |
| 245 10 - TITLE STATEMENT | |
| Title | Lecture Ready 2 : |
| Remainder of title | Strategies for Academic Listening, Note-taking, and Discussion / |
| Statement of responsibility, etc | Peg Sarosy, Kathy Sherak |
| 246 ## - VARYING FORM OF TITLE | |
| Title proper/short title | Answer Key and Transcripts. |
| 260 ## - PUBLICATION, DISTRIBUTION, ETC. (IMPRINT) | |
| Place of publication, distribution, etc | Oxford ; |
| -- | New york : |
| Name of publisher, distributor, etc | Oxford University Press, |
| Date of publication, distribution, etc | c.2006 |
| 300 ## - PHYSICAL DESCRIPTION | |
| Extent | 120 p. ; |
| Dimensions | 32 cm. + |
| Accompanying material | 1 DVD, 2 audio discs, 1 answer key & transcripts (37 p.) |
| 590 ## - LOCAL NOTE (RLIN) | |
| Local note | Mohamed Hussein |
| 650 ## - SUBJECT ADDED ENTRY--TOPICAL TERM | |
| Topical term or geographic name as entry element | Lecture method in teaching |
| 9 (RLIN) | 8352 |
| Source of heading or term | BUEsh |
| 650 ## - SUBJECT ADDED ENTRY--TOPICAL TERM | |
| Topical term or geographic name as entry element | Lectures and lecturing |
| 9 (RLIN) | 19900 |
| Source of heading or term | BUEsh |
| 650 ## - SUBJECT ADDED ENTRY--TOPICAL TERM | |
| Topical term or geographic name as entry element | Note-taking. |
| 9 (RLIN) | 1009 |
| Source of heading or term | BUEsh |
| 650 ## - SUBJECT ADDED ENTRY--TOPICAL TERM | |
| Topical term or geographic name as entry element | Study skills. |
| 9 (RLIN) | 14009 |
| Source of heading or term | BUEsh |
| 651 ## - SUBJECT ADDED ENTRY--GEOGRAPHIC NAME | |
| Source of heading or term | BUEsh |
| 653 ## - INDEX TERM--UNCONTROLLED | |
| Resource For college | Generalities |
| Arrived date list | August2015 |
| 700 1# - ADDED ENTRY--PERSONAL NAME | |
| 9 (RLIN) | 13997 |
| Personal name | Sarosy, Peg |
| 700 1# - ADDED ENTRY--PERSONAL NAME | |
| 9 (RLIN) | 14001 |
| Personal name | Sherak, Kathy. |
| 740 ## - ADDED ENTRY--UNCONTROLLED RELATED/ANALYTICAL TITLE | |
| Uncontrolled related/analytical title | Lecture Ready 1 |
| 740 ## - ADDED ENTRY--UNCONTROLLED RELATED/ANALYTICAL TITLE | |
| Uncontrolled related/analytical title | Lecture Ready 2 |
| 740 ## - ADDED ENTRY--UNCONTROLLED RELATED/ANALYTICAL TITLE | |
| Uncontrolled related/analytical title | Lecture Ready 3 |
| 942 ## - ADDED ENTRY ELEMENTS (KOHA) | |
| Item type | Book - Borrowing |
| Call number prefix | 371.30281LEC |
| Source of classification or shelving scheme | Dewey Decimal Classification |
| Withdrawn status | Item status | Source of classification or shelving scheme | Damaged status | Not for loan | Vendor | Home library | Current library | Shelving location | Date acquired | Source of acquisition | Total Checkouts | Full call number | Barcode | Date last seen | Date last borrowed | Koha item type | Total Renewals |
|---|---|---|---|---|---|---|---|---|---|---|---|---|---|---|---|---|---|
| Dewey Decimal Classification | Baccah | Central Library | Central Library | First floor | 27/09/2010 | 1 | 371.396 SAR | 000010689 | 15/07/2025 | 17/01/2011 | Book - Borrowing | ||||||
| Dewey Decimal Classification | Baccah | Central Library | Central Library | First floor | 27/09/2010 | 1 | 371.396 SAR | 000022013 | 15/07/2025 | 23/09/2018 | Book - Borrowing | 2 | |||||
| Dewey Decimal Classification | Baccah | Central Library | Central Library | First floor | 27/09/2010 | 3 | 371.396 SAR | 000022014 | 15/07/2025 | 21/10/2018 | Book - Borrowing | 2 | |||||
| Dewey Decimal Classification | Baccah | Central Library | Central Library | First floor | 27/09/2010 | 3 | 371.396 SAR | 000022007 | 15/07/2025 | 30/01/2013 | Book - Borrowing | 4 | |||||
| Dewey Decimal Classification | Baccah | Central Library | Central Library | First floor | 27/09/2010 | 1 | 371.396 SAR | 000022010 | 15/07/2025 | 28/09/2010 | Book - Borrowing | 4 | |||||
| Dewey Decimal Classification | Baccah | Central Library | Central Library | First floor | 27/09/2010 | 1 | 371.396 SAR | 000022011 | 15/07/2025 | 29/09/2010 | Book - Borrowing | ||||||
| Dewey Decimal Classification | Baccah | Central Library | Central Library | First floor | 27/09/2010 | 1 | 371.396 SAR | 000022012 | 15/07/2025 | 29/09/2010 | Book - Borrowing |